प्रयोजनमूलक हिंदी / (Record no. 113797)

MARC details
000 -LEADER
fixed length control field 01145nam a22002537a 4500
005 - DATE AND TIME OF LATEST TRANSACTION
control field 20170124102958.0
010 ## - LIBRARY OF CONGRESS CONTROL NUMBER
LC control number B-186271
020 ## - INTERNATIONAL STANDARD BOOK NUMBER
Terms of availability 400.00
International Standard Book Number 81545
035 ## - SYSTEM CONTROL NUMBER
System control number B-186271
037 ## - SOURCE OF ACQUISITION
Source of stock number/acquisition Cen Lib/Ret
040 ## - CATALOGING SOURCE
Original cataloging agency DPL
Language of cataloging HN
082 ## - DEWEY DECIMAL CLASSIFICATION NUMBER
Classification number 420
Item number अग्रवा
100 ## - MAIN ENTRY--PERSONAL NAME
Personal name अग्रवाल, मुकेश
9 (RLIN) 104036
245 ## - TITLE STATEMENT
Title प्रयोजनमूलक हिंदी /
Statement of responsibility, etc मुकेश अग्रवाल
246 ## - VARYING FORM OF TITLE
Title proper/short title Prayojanmoolak Hindi /
Remainder of title by Mukesh Agrawal
260 ## - PUBLICATION, DISTRIBUTION, ETC. (IMPRINT)
Place of publication, distribution, etc गज़ियाबाद
Name of publisher, distributor, etc के. एल. पचौरी प्रकाशन
Date of publication, distribution, etc 2005
270 ## - ADDRESS
Address 8/डी-ब्लाक एक्सटेंशन इन्द्रपुरी, लोनी
City गज़ियाबाद
Postal code 201102
300 ## - PHYSICAL DESCRIPTION
Extent 256पृ.
Dimensions 20सेमी(सजिल्द )
650 ## - SUBJECT ADDED ENTRY--TOPICAL TERM
Topical term or geographic name as entry element हिंदी भाषा
General subdivision
Geographic subdivision
9 (RLIN) 104037
650 ## - SUBJECT ADDED ENTRY--TOPICAL TERM
Topical term or geographic name as entry element हिंदी भाषा--प्रयोजनमूलक हिंदी
Form subdivision
9 (RLIN) 53886
650 ## - SUBJECT ADDED ENTRY--TOPICAL TERM
Topical term or geographic name as entry element Hindi language
9 (RLIN) 9446
650 ## - SUBJECT ADDED ENTRY--TOPICAL TERM
Topical term or geographic name as entry element Hindi language--Functional Hindi
9 (RLIN) 53887
942 ## - ADDED ENTRY ELEMENTS (KOHA)
Source of classification or shelving scheme Dewey Decimal Classification
Koha item type Hindi Books
Classification part 420
Call number suffix अग्रवा
Holdings
Withdrawn status Lost status Damaged status Not for loan Home library Current library Date acquired Source of acquisition Cost, normal purchase price Total Checkouts Total Renewals Full call number Barcode Date last seen Date checked out Copy number Cost, replacement price Price effective from Koha item type
        Central Library Central Library 13/08/2015 Cen Lib/Ret 400.00 4 2 420 अग्रवा B-186271 21/11/2023 18/09/2023 1 400.00 13/08/2015 Hindi Books

© Delhi Public Library
Hit Counter
free hit counter